| 000 | 00530nam a2200193Ia 4500 | ||
|---|---|---|---|
| 003 | LK-CoDNM | ||
| 005 | 20241217132943.0 | ||
| 008 | 121009t2007 xxu||||| |||| 00| 0 sin d | ||
| 040 |
_aLK-CoDNM _dLK-CoDNM _eLK-CoDNM |
||
| 041 | _asin | ||
| 080 |
_aX8S1 _bEKA |
||
| 100 | _aSumana Ekanayaka | ||
| 245 | _aසාම ජාතක කාව්යය | ||
| 246 | _aSama Jathaka Kavyaya | ||
| 260 |
_bSumana Ekanayaka _aBelihuloya _c2007 |
||
| 300 | _b5p. : 20 cm | ||
| 650 | _aපුරාතන පද්ය | ||
| 942 | _cBK | ||
| 999 |
_c76740 _d76740 |
||